| 000 | 00603nam a2200181Ia 4500 | ||
|---|---|---|---|
| 008 | 090123s9999 xx 000 0 und d | ||
| 082 |
_b7423 _a891.463/अष्टीक |
||
| 100 | _aअष्टीकर मंदाकिनी | ||
| 245 | _aस्वप्नगंधा | ||
| 250 | _a1 | ||
| 260 | _bमनोरमा प्रकाशन | ||
| 300 | _a183 | ||
| 600 | _aअष्टीकर मंदाकिनी | ||
| 630 | _aस्वप्नगंधा | ||
| 700 | _aअष्टीकर मंदाकिनी | ||
| 730 | _aस्वप्नगंधा | ||
| 942 | _cBOOK | ||
| 999 |
_c45489 _d45489 |
||